MARC details
| 000 -LEADER |
| campo de control de longitud fija |
01544cam a2200409ui 4500 |
| 001 - NÚMERO DE CONTROL |
| campo de control |
MOR01000101634 |
| 003 - IDENTIFICADOR DE NÚMERO DE CONTROL |
| campo de control |
$$amxdfmo |
| 005 - FECHA Y HORA DE LA ÚLTIMA TRANSACCIÓN |
| campo de control |
20260331230551.0 |
| 008 - DATOS DE LONGITUD FIJA--INFORMACIÓN GENERAL |
| campo de control de longitud fija |
151105s2000 fr abo g bi 000 0 fre d |
| 020 ## - NÚMERO INTERNACIONAL ESTÁNDAR DEL LIBRO |
| Número Internacional Estándar del Libro |
2091727504 |
| 035 ## - NÚMERO DE CONTROL DEL SISTEMA |
| Número de control de sistema |
160024 |
| 040 ## - FUENTE DE CATALOGACIÓN |
| Centro catalogador/agencia de origen |
mxcmmo |
| Lengua de catalogación |
spa |
| Centro/agencia transcriptor |
mxcmmo |
| Normas de descripción |
rda |
| 041 0# - CÓDIGO DE IDIOMA |
| Código de lengua del texto/banda sonora o título independiente |
fre |
| 043 ## - CÓDIGO DE ÁREA GEOGRÁFICA |
| Código de área geográfica |
e-fr--- |
| 082 04 - NÚMERO DE LA CLASIFICACIÓN DECIMAL DEWEY |
| Número de clasificación |
944 |
| Número de ítem |
HIS.d |
| 245 00 - MENCIÓN DEL TÍTULO |
| Título |
Histoire 2 |
| Resto del título |
: les fondements du monde contemporain : programme 2001/ |
| Mención de responsabilidad, etc. |
sous la direction de Jacques Marseille ; par Marie-Monique Beautier [y otros] |
| 264 #1 - PRODUCCIÓN, PUBLICACIÓN, DISTRIBUCIÓN, FABRICACIÓN Y COPYRIGHT |
| Producción, publicación, distribución, fabricación y copyright |
Paris, Francia: |
| Nombre del de productor, editor, distribuidor, fabricante |
Nathan, |
| Fecha de producción, publicación, distribución, fabricación o copyright |
[2000?] |
| 300 ## - DESCRIPCIÓN FÍSICA |
| Extensión |
301 páginas: |
| Otras características físicas |
ilustraciones, mapas, fotografías en color y blanco y negro; |
| Dimensiones |
29 cm |
| 336 ## - TIPO DE CONTENIDO |
| Término de tipo de contenido |
texto |
| Código de tipo de contenido |
txt |
| Fuente |
rdacontent |
| 337 ## - TIPO DE MEDIO |
| Nombre/término del tipo de medio |
sin medio |
| Código del tipo de medio |
n |
| Fuente |
rdamedia |
| 338 ## - TIPO DE SOPORTE |
| Nombre/término del tipo de soporte |
volumen |
| Código del tipo de soporte |
nc |
| Fuente |
rdacarrier |
| 500 ## - NOTA GENERAL |
| Nota general |
Programme d'Histoire 2* Extraits du BO, hors-série, no. 6 du 31 août. -- página [2] |
| 651 #7 - PUNTO DE ACCESO ADICIONAL DE MATERIA--NOMBRE GEOGRÁFICO |
| Nombre geográfico |
Francia |
| Subdivisión general |
Historia |
| -- |
Estudio y enseñanza |
| 9 (RLIN) |
179834 |
| 651 #7 - PUNTO DE ACCESO ADICIONAL DE MATERIA--NOMBRE GEOGRÁFICO |
| Nombre geográfico |
Francia |
| Subdivisión general |
Historia |
| -- |
Libros de texto |
| 9 (RLIN) |
179835 |
| 700 1# - ENTRADA AGREGADA--NOMBRE PERSONAL |
| Nombre de persona |
Beautier, Marie-Monique |
| Término indicativo de función/relación |
autor |
| 9 (RLIN) |
179836 |
| 700 1# - ENTRADA AGREGADA--NOMBRE PERSONAL |
| Nombre de persona |
Marseille, Jacques |
| Término indicativo de función/relación |
editor |
| 9 (RLIN) |
179837 |
| 900 ## - ELEMENTOS DE DATOS A LOCAL, LDA (RLIN) |
| Nombre de persona |
CATY |
| Numeración |
30 |
| Títulos y otros términos asociados al nombre |
20160119 |
| Lenguaje de la obra |
MOR01 |
| -- |
1222 |
| 900 ## - ELEMENTOS DE DATOS A LOCAL, LDA (RLIN) |
| Nombre de persona |
KLASY |
| Numeración |
30 |
| Títulos y otros términos asociados al nombre |
20160129 |
| Lenguaje de la obra |
MOR01 |
| -- |
1226 |
| 900 ## - ELEMENTOS DE DATOS A LOCAL, LDA (RLIN) |
| Nombre de persona |
LUIS |
| Numeración |
02 |
| Títulos y otros términos asociados al nombre |
20151105 |
| Lenguaje de la obra |
MOR01 |
| -- |
1547 |
| 900 ## - ELEMENTOS DE DATOS A LOCAL, LDA (RLIN) |
| Nombre de persona |
LUIS |
| Numeración |
02 |
| Títulos y otros términos asociados al nombre |
20151105 |
| Lenguaje de la obra |
MOR01 |
| -- |
1547 |
| 900 ## - ELEMENTOS DE DATOS A LOCAL, LDA (RLIN) |
| Nombre de persona |
TOMAS |
| Numeración |
30 |
| Títulos y otros términos asociados al nombre |
20160122 |
| Lenguaje de la obra |
MOR01 |
| -- |
1043 |
| 900 ## - ELEMENTOS DE DATOS A LOCAL, LDA (RLIN) |
| Nombre de persona |
TOMAS |
| Numeración |
30 |
| Títulos y otros términos asociados al nombre |
20160126 |
| Lenguaje de la obra |
MOR01 |
| -- |
1102 |
| 900 ## - ELEMENTOS DE DATOS A LOCAL, LDA (RLIN) |
| Nombre de persona |
TOMAS |
| Numeración |
30 |
| Títulos y otros términos asociados al nombre |
20160129 |
| Lenguaje de la obra |
MOR01 |
| -- |
1127 |
| 900 ## - ELEMENTOS DE DATOS A LOCAL, LDA (RLIN) |
| Nombre de persona |
VOBO |
| Numeración |
40 |
| Títulos y otros términos asociados al nombre |
20160219 |
| Lenguaje de la obra |
MOR01 |
| -- |
1344 |
| 904 ## - ELEMENTOS DE DATOS D LOCAL, LDD (RLIN) |
| a |
UPDATE |
| 942 ## - ELEMENTOS DE ENTRADA SECUNDARIOS (KOHA) |
| Código de la institución [OBSOLETO] |
BK |
| 901 ## - ELEMENTOS DE DATOS A LOCAL LDA (RLIN) |
| a |
batch batch |